Il numero giusto #1 - Statistics

Statistiche generali
  • Questo quiz è stato fatto 110 volte
  • Il punteggio medio è 19 su 20
Statistiche sulle risposte
Quesito Soluzione % Corretto
Nani di Biancaneve 7
100%
Organi di senso 5
99%
Numero degli apostoli di Gesù Cristo 12
98%
Punti cardinali 4
98%
Numero che porta sfortuna in Italia 17
97%
Numero di giocatori di una squadra di pallavolo 6
97%
Peccati capitali 7
97%
Pianeti nel sistema solare 8
97%
Temperatura di ebollizione dell'acqua in gradi centigradi 100
96%
Numero di giocatori di una squadra di calcio 11
96%
Numero perfetto 3
96%
Note musicali 7
96%
Lati dell'ennagono 9
96%
Fasi della Luna 4
95%
Numero che porta sfortuna nei paesi anglosassoni 13
94%
Satelliti del pianeta Terra 1
93%
Cavalieri dell'Apocalisse 4
90%
Arpie della mitologia greca 3
89%
Numero di milioni in un miliardo 1000
87%
Gironi dell'Inferno di Dante 9
87%
Nessun quiz corrispondente trovato
Distribuzione punteggi
Percentuale di utenti per punteggio
Percentile per numero di risposta
I tuoi punteggi nel tempo
Non hai fatto questo quiz